000 00996cam a2200241 4500
001 WB3702-04
008 000000n2001 000 0 eng u
035 _a(Sirsi) u110326
245 _aModernising construction
260 _c2001
490 _aNational Audit Office Press Notice
_v(HC87) 11 January 2001, (3)
520 _aNational Audit Office report highlights the urgent need to improve the management and procurement of major construction projects. With government plans to spend £19bn on infrastructure over the next three years, good practice such as selecting contractors on the basis of value for money, should be encouraged. Full report available at: www.nao.gov.uk.
590 _aWB
650 _aGOOD PRACTICE
650 _aSUPPLY CHAIN
650 _aVALUE FOR MONEY
650 _aCOLLABORATION
650 _aCONSTRUCTION PROJECTS
650 _aCONSTRUCTION INDUSTRY
650 _aProcurement-old
690 _aBUILDING AND CONSTRUCTION-MANAGEMENT
942 _n0
999 _c65794
_d65794